000 00806nam a22001577a 4500
003 OSt
005 20151026101908.0
008 151026b xxu||||| |||| 00| 0 eng d
040 _cRUA
082 _aAVM PAL 2013 B105 Or.1
100 _92897
_aPALL CHANNY
245 _aEffectivness ivomec super and frontline spray on fleas tick of trains dogs in the department of police control prosenchey district, phnom penh, (ប្រសិទ្ធភាព IVOMEC SUPER និង Frontline spray ទៅលើចៃដង្កែនៃសុនខជំនាញ នៅអង្គភាពតម្រួតបទបញ្ជា ខណ្ឌពោធិ៍សែនជ័យ រាជធានីភ្នំពេញ)
260 _aPhnom Penh
_bRua
_c2013
300 _aix; 47p.
_bill.
_c29cm.
942 _2ddc
_cAVM
999 _c2716
_d2716